Normal view
MARC view
- الهلينيون-تارخ
Entry Topical Term
001 - CONTROL NUMBER
- control field: 12987
003 - CONTROL NUMBER IDENTIFIER
- control field: JO-AjAnu
005 - DATE AND TIME OF LATEST TRANSACTION
- control field: 20230606072359.0
008 - FIXED-LENGTH DATA ELEMENTS
- fixed length control field: 230606|| aca||aabn | a|a d
040 ## - CATALOGING SOURCE
- Original cataloging agency: JO-AjAnu
- Transcribing agency: JO-AjAnu
150 ## - HEADING--TOPICAL TERM
- Topical term or geographic name entry element: الهلينيون-تارخ
670 ## - SOURCE DATA FOUND
- Source citation: Work cat.: (JO-AjAnu)6682: توينبى، أرنولد ؛ ترجمة جرجس، رمزي؛ مراجعة خفاجة، صقر؛ اعداد عناني، محمد محمد, author 12986, تاريخ الحضارة الهلينية